NBA Career Statistical Leaders - Statistics

General Stats
  • This quiz has been taken 374 times
  • The average score is 33 of 64
Answer Stats
Answer % Correct
Michael Jordan
100%
LeBron James
97%
Stephen Curry
97%
DeAndre Jordan
96%
Wilt Chamberlain
95%
Russell Westbrook
94%
Jerry West
93%
James Harden
89%
Shaquille O'Neal
89%
John Stockton
87%
Ray Allen
87%
Magic Johnson
86%
Bill Russell
85%
Hakeem Olajuwon
84%
Oscar Robertson
83%
Alvin Robertson
82%
Chris Paul
78%
Reggie Miller
78%
Kareem Abdul-Jabbar
77%
Kevin Durant
77%
Nikola Jokić
75%
Larry Bird
73%
Dwight Howard
72%
Jason Kidd
72%
Steve Nash
71%
David Robinson
65%
Kevin Johnson
65%
Dikembe Mutombo
62%
Luka Dončić
62%
Allen Iverson
61%
Damian Lillard
58%
Elgin Baylor
53%
G. Antetokounmpo
49%
Isiah Thomas
48%
Bob Pettit
47%
Mark Eaton
47%
Kyle Korver
46%
Manute Bol
45%
Vince Carter
44%
John Wall
43%
Paul Pierce
41%
Wes Unseld
36%
Rudy Gobert
35%
Andre Drummond
33%
George Gervin
33%
Alonzo Mourning
28%
Nate Thurmond
24%
Jason Terry
19%
Dave Cowens
18%
Shawn Bradley
17%
Walt Bellamy
17%
Maurice Cheeks
16%
Amar'e Stoudemire
13%
Jerry Lucas
12%
Tyson Chandler
12%
Jamal Crawford
11%
Mookie Blaylock
10%
Andre Iguodala
7%
Shawn Marion
7%
Michael Richardson
6%
Fat Lever
5%
Elmore Smith
2%
Slick Watts
2%
George Johnson
1%
No matching quizzes found
Score Distribution
Percent of People with Each Score
Percentile by Number Answered
Your Score History
You have not taken this quiz